Chromospheric Fine Structure (Record no. 8587)

MARC details
000 -LEADER
fixed length control field 00799nam a2200217Ia 4500
003 - CONTROL NUMBER IDENTIFIER
control field IN-BaIIA
008 - FIXED-LENGTH DATA ELEMENTS--GENERAL INFORMATION
fixed length control field 211028s9999 xx 000 0 eng d
020 ## - INTERNATIONAL STANDARD BOOK NUMBER
International Standard Book Number 90-277-02667
040 ## - CATALOGING SOURCE
Transcribing agency IIA Library
080 ## - UNIVERSAL DECIMAL CLASSIFICATION NUMBER
Universal Decimal Classification number 082.2:52
Item number IAU-56
100 ## - MAIN ENTRY--PERSONAL NAME
Personal name Athay, Grant R
9 (RLIN) 7908
111 ## - MAIN ENTRY--MEETING NAME
Number of part/section/meeting 56th
Location of meeting Old Australia
Date of meeting or treaty signing 1973 Sep. 3-7
9 (RLIN) 14404
245 #0 - TITLE STATEMENT
Title Chromospheric Fine Structure
Remainder of title proceedings of the Symposium no.56 on chromospheric fine structure, held in Suffers Parachiee, Old Australia 3-7 Sept.ember 1973
Statement of responsibility, etc. Grant R Athay
260 ## - PUBLICATION, DISTRIBUTION, ETC.
Place of publication, distribution, etc. Dordrecht
Name of publisher, distributor, etc. D. Reidel Publishing
Date of publication, distribution, etc. 1974
300 ## - PHYSICAL DESCRIPTION
Extent xvii, 307p.
650 ## - SUBJECT ADDED ENTRY--TOPICAL TERM
Topical term or geographic name entry element Astronomy and Astrophysics Thesaurus
650 ## - SUBJECT ADDED ENTRY--TOPICAL TERM
Topical term or geographic name entry element Solar Chromosphere
9 (RLIN) 3973
650 ## - SUBJECT ADDED ENTRY--TOPICAL TERM
Topical term or geographic name entry element Solar Physics
650 ## - SUBJECT ADDED ENTRY--TOPICAL TERM
Topical term or geographic name entry element Sun
9 (RLIN) 1200
942 ## - ADDED ENTRY ELEMENTS (KOHA)
Koha item type Books
Holdings
Withdrawn status Lost status Damaged status Not for loan Home library Current library Shelving location Date acquired Cost, normal purchase price Total Checkouts Full call number Barcode Date last seen Cost, replacement price Price effective from Koha item type Purchase Price
        IIA Library-Bangalore IIA Library-Kodaikanal General Stacks 08/01/1986 193.50   082.2:52/ IAU-56 9456 05/11/2021 193.50 08/01/1986 Books Rs. 193.50

Powered by Koha